00368pab a2200145 454500008004000000100002100040245002600061260000900087300000900096362001100105650004400116650001500160650002800175773001900203180718b1997 xxu||||| |||| 00| 0 eng d aSubrahmanyam, K. aAnatomy of a decision c1997 ap.10 a30 Nov aUttar Pradesh - Politics and government aFederalism aPolitics and government aEconomic Times